| 000 | 00385nam a22001577a 4500 | ||
|---|---|---|---|
| 999 |
_c256811 _d256810 |
||
| 003 | OSt | ||
| 005 | 20180627112249.0 | ||
| 008 | 180627b xxu||||| |||| 00| 0 eng d | ||
| 020 | _a0070524289 | ||
| 040 | _cN/A | ||
| 100 | _4Sypil P. Parker | ||
| 245 | _aMcGraw-Hill dictionary of chemistry | ||
| 250 | _aFifth Edition | ||
| 260 |
_aNew York _bMcGraw-Hill _c1997 |
||
| 942 |
_2lcc _cREF |
||